<?xml version="1.0" encoding="UTF-8"?><?xml-stylesheet type="text/xsl" href="static/style.xsl"?><OAI-PMH xmlns="http://www.openarchives.org/OAI/2.0/" xmlns:xsi="http://www.w3.org/2001/XMLSchema-instance" xsi:schemaLocation="http://www.openarchives.org/OAI/2.0/ http://www.openarchives.org/OAI/2.0/OAI-PMH.xsd"><responseDate>2026-04-18T01:19:50Z</responseDate><request verb="GetRecord" identifier="oai:www.recercat.cat:11351/6374" metadataPrefix="marc">https://recercat.cat/oai/request</request><GetRecord><record><header><identifier>oai:recercat.cat:11351/6374</identifier><datestamp>2025-10-24T10:47:46Z</datestamp><setSpec>com_2072_431750</setSpec><setSpec>com_2072_378040</setSpec><setSpec>col_2072_431760</setSpec></header><metadata><record xmlns="http://www.loc.gov/MARC21/slim" xmlns:dcterms="http://purl.org/dc/terms/" xmlns:xsi="http://www.w3.org/2001/XMLSchema-instance" xmlns:doc="http://www.lyncode.com/xoai" xsi:schemaLocation="http://www.loc.gov/MARC21/slim http://www.loc.gov/standards/marcxml/schema/MARC21slim.xsd">
   <leader>00925njm 22002777a 4500</leader>
   <datafield ind2=" " ind1=" " tag="042">
      <subfield code="a">dc</subfield>
   </datafield>
   <datafield ind2=" " ind1=" " tag="260">
      <subfield code="c">2021-10-01T11:02:24Z</subfield>
   </datafield>
   <datafield ind2=" " ind1=" " tag="260">
      <subfield code="c">2021-10-01T11:02:24Z</subfield>
   </datafield>
   <datafield ind2=" " ind1=" " tag="260">
      <subfield code="c">2021-10</subfield>
   </datafield>
   <datafield ind2=" " ind1=" " tag="520">
      <subfield code="a">Data de caducitat; Consum preferent; Operadors econòmics</subfield>
   </datafield>
   <datafield ind2=" " ind1=" " tag="520">
      <subfield code="a">Fecha de caducidad; Consumo preferente; Operadores econonómicos</subfield>
   </datafield>
   <datafield ind2=" " ind1=" " tag="520">
      <subfield code="a">Expiry date; Preferential consumption; Economic operators</subfield>
   </datafield>
   <datafield ind2=" " ind1=" " tag="520">
      <subfield code="a">Aquest document és un extracte traduït de l’opinió&#xd;
científica de l’EFSA a la Guia per al marcatge de&#xd;
les dates i la informació relacionada amb els&#xd;
aliments: part 1 (marcatge de la data), on es&#xd;
destaca la informació clau que l’operador&#xd;
econòmic (OE) ha de tenir en compte a l’hora de&#xd;
decidir quina data de marcatge li correspon al&#xd;
seu producte. Per entendre-ho millor, es&#xd;
recomana que es consulti el document íntegre.</subfield>
   </datafield>
   <datafield ind2=" " ind1=" " tag="520">
      <subfield code="a">Este documento es un extracto traducido de la&#xd;
opinión científica de la EFSA en la Guía para el&#xd;
marcaje de las fechas y la información&#xd;
relacionada con los alimentos: parte 1 (marcaje&#xd;
de la fecha), donde se destaca la información&#xd;
clave que el operador económico (OE) debe&#xd;
tener en cuenta a la hora de decidir qué&#xd;
fecha de marcaje le corresponde a su&#xd;
producto. Para entenderlo mejor, se recomienda&#xd;
que se consulte el documento íntegro.</subfield>
   </datafield>
   <datafield ind1="8" ind2=" " tag="024">
      <subfield code="a">http://hdl.handle.net/11351/6374</subfield>
   </datafield>
   <datafield tag="653" ind2=" " ind1=" ">
      <subfield code="a">Aliments - Conservació</subfield>
   </datafield>
   <datafield tag="653" ind2=" " ind1=" ">
      <subfield code="a">Aliments - Mesures de seguretat</subfield>
   </datafield>
   <datafield tag="653" ind2=" " ind1=" ">
      <subfield code="a">HEALTH SURVEILLANCE::Health Surveillance System::National Policy of Health Surveillance::Sanitary Management::Sanitary Supervision::Sanitary Inspection::Production of Products::Products Technology::Date of Validity of Products</subfield>
   </datafield>
   <datafield tag="653" ind2=" " ind1=" ">
      <subfield code="a">HEALTH CARE::Environment and Public Health::Public Health::Consumer Product Safety</subfield>
   </datafield>
   <datafield tag="653" ind2=" " ind1=" ">
      <subfield code="a">VIGILANCIA SANITARIA::sistema de vigilancia sanitaria::política nacional de vigilancia sanitaria::gestión sanitaria::supervisión sanitaria::inspección sanitaria::fabricación de productos::tecnología de productos::fecha de caducidad de los productos</subfield>
   </datafield>
   <datafield tag="653" ind2=" " ind1=" ">
      <subfield code="a">ATENCIÓN DE SALUD::ambiente y salud pública::salud pública::seguridad de los productos de consumo</subfield>
   </datafield>
   <datafield ind2="0" ind1="0" tag="245">
      <subfield code="a">Data de caducitat o de consum preferent?</subfield>
   </datafield>
   <datafield ind2="0" ind1="0" tag="245">
      <subfield code="a">¿Fecha de caducidad o de consumo preferente?</subfield>
   </datafield>
</record></metadata></record></GetRecord></OAI-PMH>